Мальдивы, Маврикий, Сейшелы (Запись № 1086762)

Подробности
000 -МАРКЕР
контрольное поле 01819nam0a2200409 4500
001 - ИДЕНТИФИКАТОР ЗАПИСИ
контрольное поле RU\NLR\bibl\1098622
005 - ИДЕНТИФИКАТОР ВЕРСИИ
контрольное поле 20250615054548.0
010 ## - МЕЖДУНАРОДНЫЙ СТАНДАРТНЫЙ НОМЕР КНИГИ (ISBN)
Номер (ISBN) 978-5-9533-2150-1
Тираж 3000
021 ## - НОМЕР ГОСУДАРСТВЕННОЙ РЕГИСТРАЦИИ
Код страны Российская Федерация
Номер 2007-30577
Номер Листа государственной регистраци 1623
035 ## - ДРУГИЕ СИСТЕМНЫЕ НОМЕРА
Идентификатор записи (nilc)EL/0000129369
035 ## - ДРУГИЕ СИСТЕМНЫЕ НОМЕРА
Идентификатор записи (NLR Aleph) 001085727
100 ## - ДАННЫЕ ОБЩЕЙ ОБРАБОТКИ
Данные общей обработки 20070613d2007 |||y0rusy50 ca
101 0# - ЯЗЫК РЕСУРСА
Язык текста, звукозаписи и т.д. русский
102 ## - СТРАНА ПУБЛИКАЦИИ ИЛИ ПРОИЗВОДСТВА
Страна публикации Российская Федерация
105 ## - ПОЛЕ КОДИРОВАННЫХ ДАННЫХ: ТЕКСТОВЫЕ МАТЕРИАЛЫ, МОНОГРАФИЧЕСКИЕ
Кодированные данные о монографическом текстовом документе a g |||||
200 1# - ЗАГЛАВИЕ И СВЕДЕНИЯ ОБ ОТВЕТСТВЕННОСТИ
Основное заглавие Мальдивы, Маврикий, Сейшелы
Сведения, относящиеся к заглавию жемчужины Индийского океана
Первые сведения об ответственности [Бурыгин С. М. и др.]
210 ## - ПУБЛИКАЦИЯ, РАСПРОСТРАНЕНИЕ И ДР.
Место издания, распространения и т.д. Москва
Имя издателя, распространителя и т. д. Вече
Дата издания, распространения и т.д. 2007
215 ## - ФИЗИЧЕСКАЯ ХАРАКТЕРИСТИКА
Специфическое обозначение материала и объем 299, [3] с., [8] л. цв. ил.
Другие сведения о физической характеристике ил.
Размеры 20
225 1# - СЕРИЯ
Основное заглавие серии Исторический путеводитель
300 ## - ОБЩИЕ ПРИМЕЧАНИЯ
Текст примечания На обл. авт.: С. М. Бурыгин, Н. И. Шейко, Н. Н. Непомнящий
320 ## - ПРИМЕЧАНИЯ О НАЛИЧИИ В ДОКУМЕНТЕ БИБЛИОГРАФИИ / УКАЗАТЕЛЯ
Текст примечания Библиогр.: с. 301
517 0# - ДРУГИЕ ВАРИАНТЫ ЗАГЛАВИЯ
Вариант заглавия Жемчужины Индийского океана
607 ## - ГЕОГРАФИЧЕСКОЕ НАИМЕНОВАНИЕ КАК ПРЕДМЕТ
Географическое наименование Мальдивские острова (Индийский океан)
Формальный подзаголовок Путеводители
Системный номер авторитетной/нормативной записи 2215573
Идентификатор авторитетной/нормативной записи RU\NLR\auth\661330694
607 ## - ГЕОГРАФИЧЕСКОЕ НАИМЕНОВАНИЕ КАК ПРЕДМЕТ
Географическое наименование Маврикий, остров (Индийский океан)
Формальный подзаголовок Путеводители
Системный номер авторитетной/нормативной записи 1591532
Идентификатор авторитетной/нормативной записи RU\NLR\auth\66699607
607 ## - ГЕОГРАФИЧЕСКОЕ НАИМЕНОВАНИЕ КАК ПРЕДМЕТ
Географическое наименование Сейшельские острова (Индийский океан)
Формальный подзаголовок Путеводители
Системный номер авторитетной/нормативной записи 2217317
Идентификатор авторитетной/нормативной записи RU\NLR\auth\661331640
686 ## - ИНДЕКСЫ ДРУГИХ КЛАССИФИКАЦИЙ
Индекс 26.890(93)
Издание LBC/RL
Код системы
686 ## - ИНДЕКСЫ ДРУГИХ КЛАССИФИКАЦИЙ
Индекс Д890(57Ма)я23
686 ## - ИНДЕКСЫ ДРУГИХ КЛАССИФИКАЦИЙ
Индекс Д890(67М)я23
686 ## - ИНДЕКСЫ ДРУГИХ КЛАССИФИКАЦИЙ
Индекс Д890(65Се)я23
702 #1 - ИМЯ ЛИЦА - ВТОРИЧНАЯ ОТВЕТСТВЕННОСТЬ
Начальный элемент ввода Бурыгин
Часть имени, кроме начального элемента ввода С. М.
Расширение инициалов личного имени Сергей Михайлович
Код отношения Составитель
801 #0 - ИСТОЧНИК ЗАПИСИ
Страна Российская Федерация
Организация Вологодская ОУНБ
Дата составления 20070613
801 #1 - ИСТОЧНИК ЗАПИСИ
Страна Российская Федерация
Организация Вологодская ОУНБ
Дата составления 20070613
801 #2 - ИСТОЧНИК ЗАПИСИ
Страна Российская Федерация
Организация NLR
Дата составления 20070615
Правила каталогизации rcr
942 ## - ДОПОЛНИТЕЛЬНЫЕ ЭЛЕМЕНТЫ ЗАПИСИ (АБИС)
Тип экземпляра АБИС Книга
980 ## - КОЛЛЕКЦИЯ
Название коллекции Национальная библиография
Экземпляры
Тип экземпляра Дата поступления Источник поступления Библиотека постоянного хранения Библиотека текущего хранения Место хранения Шифр хранения Штрих-код Статус экземпляра Стоимость
Книга 15.06.2007 Обязательный экземпляр РНБ (Московский) РНБ (Московский) Русский книжный фонд: издания с 1957 года 2007-3/17805 2455072    
Книга 15.06.2007 Обязательный экземпляр РНБ (Московский) РНБ (Московский) Русский книжный фонд: издания с 1957 года 2007-3/17805 2455073    
Книга 23.08.2007 Покупка РНБ (Московский) РНБ (Московский) Фонд общего зала социально-экономической литературы С1 Д890(5)/М-210 1-610263   143.00
Книга 23.08.2007 Покупка РНБ (Садовая) РНБ (Садовая) Универсальный читальный зал У Д890/Б-919 1-360105   143.00